छन्द छन्द पर कुकुडम : (Record no. 119530)
[ view plain ]
| 000 -LEADER | |
|---|---|
| fixed length control field | 01179nam a22002537a 4500 |
| 005 - DATE AND TIME OF LATEST TRANSACTION | |
| control field | 20170124103140.0 |
| 010 ## - LIBRARY OF CONGRESS CONTROL NUMBER | |
| LC control number | B-064447 |
| 020 ## - INTERNATIONAL STANDARD BOOK NUMBER | |
| Terms of availability | 300.00 |
| International Standard Book Number | 8173153728 |
| 035 ## - SYSTEM CONTROL NUMBER | |
| System control number | B-064447 |
| 037 ## - SOURCE OF ACQUISITION | |
| Source of stock number/acquisition | Cen Lib/Ret |
| 040 ## - CATALOGING SOURCE | |
| Original cataloging agency | DPL |
| Language of cataloging | HN |
| 082 ## - DEWEY DECIMAL CLASSIFICATION NUMBER | |
| Classification number | 821.08 |
| Item number | छन्दछ |
| 245 ## - TITLE STATEMENT | |
| Title | छन्द छन्द पर कुकुडम : |
| Statement of responsibility, etc | संपादक वागीश शुल्क |
| Remainder of title | राम की शक्ति पूजा की टीका / |
| 246 ## - VARYING FORM OF TITLE | |
| Title proper/short title | Chhand chhand par kukudaam : ram ki shakti puja ki tika |
| Remainder of title | sampadak Vaagish Shulk |
| 260 ## - PUBLICATION, DISTRIBUTION, ETC. (IMPRINT) | |
| Place of publication, distribution, etc | नई दिल्ली |
| Name of publisher, distributor, etc | प्रभात प्रकाशन |
| Date of publication, distribution, etc | 2002 |
| 270 ## - ADDRESS | |
| Address | 4/19,आसफ अली रोड |
| City | नई दिल्ली |
| Postal code | 110002 |
| 300 ## - PHYSICAL DESCRIPTION | |
| Extent | Ix,245पृष्ठ. |
| Dimensions | 20सेमी(सजिल्द) |
| 650 ## - SUBJECT ADDED ENTRY--TOPICAL TERM | |
| Topical term or geographic name as entry element | हिंदी साहित्य |
| 9 (RLIN) | 85426 |
| 650 ## - SUBJECT ADDED ENTRY--TOPICAL TERM | |
| Topical term or geographic name as entry element | राम की शक्ति पूजा - टीका |
| 9 (RLIN) | 85427 |
| 650 ## - SUBJECT ADDED ENTRY--TOPICAL TERM | |
| Topical term or geographic name as entry element | hindi literature |
| 9 (RLIN) | 85428 |
| 650 ## - SUBJECT ADDED ENTRY--TOPICAL TERM | |
| Topical term or geographic name as entry element | Ram Power Worship - Commentary |
| 9 (RLIN) | 85429 |
| 700 ## - ADDED ENTRY--PERSONAL NAME | |
| Personal name | शुल्क, वागीश |
| 9 (RLIN) | 85430 |
| 942 ## - ADDED ENTRY ELEMENTS (KOHA) | |
| Source of classification or shelving scheme | Dewey Decimal Classification |
| Koha item type | Hindi Books |
| Classification part | 821.08 |
| Call number suffix | छन्दछ |
| Withdrawn status | Lost status | Damaged status | Not for loan | Home library | Current library | Date acquired | Source of acquisition | Cost, normal purchase price | Total Checkouts | Full call number | Barcode | Date last seen | Date checked out | Copy number | Cost, replacement price | Price effective from | Koha item type |
|---|---|---|---|---|---|---|---|---|---|---|---|---|---|---|---|---|---|
| Central Library | Central Library | 17/09/2015 | Cen Lib/Ret | 300.00 | 3 | 821.08 छन्दछ | B-064447 | 09/11/2018 | 25/10/2018 | 1 | 300.00 | 17/09/2015 | Hindi Books |
